| 000 | 00739nam a2200217Ii 4500 | ||
|---|---|---|---|
| 003 | JO-AjNU | ||
| 008 | 230605s9999||||xx |||||||||||||| ||und|| | ||
| 017 | _a1982/29 | ||
| 040 |
_aJO-AjNU _bara _erda _cJO-AjNU |
||
| 041 | _aara | ||
| 050 | 1 | 4 | _aHD5707.D85.2004 |
| 100 | 3 |
_aدرة،عبدالباري, _eauthor _917906 |
|
| 245 | 0 | 0 | _aالعامل البشري والانتاجية في المؤسسات العامة |
| 250 | _aط1 | ||
| 264 | 3 | 1 | _aعمان:دار الفرقان للنشر والتوزيع،2004 |
| 300 | _a167ص | ||
| 336 |
_atext _btxt _2rdacontent |
||
| 337 |
_aunmediated _bn _2rdamedia |
||
| 338 |
_avolume _bnc _2rdacarrier |
||
| 650 | 4 |
_aادارة-ادارة الافراد-المؤسسات العامة _917907 |
|
| 999 |
_aA5628 _c9196 _d9196 |
||